The Minor Prophet Books in the Bible - Statistics

General Stats
  • This quiz has been taken 22 times
  • The average score is 7 of 12
Answer Stats
Answer % Correct
Jonah
85%
Amos
77%
Malachi
77%
Nahum
69%
Obadiah
69%
Habakkuk
62%
Joel
62%
Micah
62%
Zechariah
54%
Hosea
46%
Zephaniah
46%
Haggai
38%
No matching quizzes found
Score Distribution
Percent of People with Each Score
Percentile by Number Answered
Your Score History
You have not taken this quiz